00480nam a2200157Ia 4500008004100000041000800041082001200049100001800061245002600079250001400105260002900119300002400148365001100172999001700183952012200200240624s9999 xx 000 0 und d aeng a657 BRU aBRAUN KAREN W aMANAGERIAL ACCOUNTING a(3rd ed.) c2015aNew DelhibPearson a933 : p. : cm. ; 26 cRSb33 c24600d24600 00104070aIMTNbIMTNcRack 20-Ad2015-09-21eIBHg750.00l0o657 BRUp24600r2024-06-24 00:00:00t1w2024-06-24yBK